| 000 | 00798cam a22002175a 4500 | ||
|---|---|---|---|
| 001 | L159604 | ||
| 008 | 070404s2016 xxko f 000 0 eng d | ||
| 035 | _a(Sirsi) u159604 | ||
| 041 | 0 | _aeng | |
| 110 | 2 | _aGlobal Alliance for Buildings and Construction | |
| 245 | 0 | 0 |
_aTowards zero-emission efficient and resilient buildings _bglobal status report 2016 _h[electronic resource] |
| 260 |
_aLondon _bRICS _c2016 |
||
| 651 | 4 |
_aEngland and Wales _y1543- |
|
| 690 | _aABOUT RICS | ||
| 700 | 1 | _aDean, Brian | |
| 700 | 1 | _aDulac, John | |
| 700 | 1 | _aPetrichenko, Ksenia | |
| 700 | 1 | _aGraham, Peter | |
| 856 | 4 | 8 |
_uhttps://wbef.rics.org/contentassets/19543cc253854094b2033c6b008f5980/zero_emission_global_status_report_140917_rt.pdf _zView the item free of charge at www.wbef.rics.org... |
| 942 | _n0 | ||
| 999 |
_c116041 _d116041 |
||